000 00532cam a22002171 4500
001 sa 63001695
003 DLC
005 20260227111929.0
008 890803s1962 ii a 000 0 hino
010 _asa 63001695
035 _a(OCoLC)20118772
040 _aDLC
_cWaU
_dDLC
042 _apremarc
050 0 0 _aPK2184
_b.F3
100 1 _aFaridi, Shah Nasiruddin Mohammad,
_d1929-
245 1 0 _aGuladasta-e-śāyarī.
260 _c[1962]
300 _a197 p.
_bill.
_c19 cm.
500 _aIn Hindi.
650 0 _aUrdu poetry.
999 _c54080
_d54080